Ómnibus Jeeves. (Registro nro. 241746)

Detalles MARC
000 -LEADER
fixed length control field 02276nam a2200529Ii 4500
001 - CONTROL NUMBER
control field DIGANAGRA0357
003 - CONTROL NUMBER IDENTIFIER
control field NyNyDIG
006 - FIXED-LENGTH DATA ELEMENTS--ADDITIONAL MATERIAL CHARACTERISTICS
fixed length control field m o d
007 - PHYSICAL DESCRIPTION FIXED FIELD--GENERAL INFORMATION
fixed length control field cr |||||||||||
008 - FIXED-LENGTH DATA ELEMENTS--GENERAL INFORMATION
fixed length control field 210820s2011 sp o 000 f spa d
035 ## - SYSTEM CONTROL NUMBER
System control number (OCoLC)1282640745
040 ## - CATALOGING SOURCE
Original cataloging agency DGITA
Language of cataloging eng
Description conventions rda
-- pn
Transcribing agency DGITA
041 1# - LANGUAGE CODE
Language code of text/sound track or separate title spa
Language code of original eng
020 ## - INTERNATIONAL STANDARD BOOK NUMBER
International Standard Book Number 9788433933317
Qualifying information eBook
-- ePub
020 ## - INTERNATIONAL STANDARD BOOK NUMBER
Canceled/invalid ISBN 9788433976031
050 14 - LIBRARY OF CONGRESS CALL NUMBER
Classification number PR6045.O53 ebook
082 04 - DEWEY DECIMAL CLASSIFICATION NUMBER
Classification number 823.912
100 1# - MAIN ENTRY--PERSONAL NAME
Personal name Wodehouse, P.G.
Fuller form of name (Pelham Grenville),
Dates associated with a name 1881-1975,
Relator term author.
240 10 - UNIFORM TITLE
Uniform title Works.
Language of a work Spanish
Version (Bertel, Bosch and Jordá)
245 10 - TITLE STATEMENT
Title Ómnibus Jeeves.
Number of part/section of a work Tomo II /
Statement of responsibility, etc. P. G. Wodehouse ; traducción, Emilia Bertel, Manuel Bosch Barrett, Luis Jordá.
250 ## - EDITION STATEMENT
Edition statement Edición en formato digital.
264 #1 - PRODUCTION, PUBLICATION, DISTRIBUTION, MANUFACTURE, AND COPYRIGHT NOTICE
Place of production, publication, distribution, manufacture Barcelona :
Name of producer, publisher, distributor, manufacturer Editorial Anagrama,
Date of production, publication, distribution, manufacture, or copyright notice [2011]
300 ## - PHYSICAL DESCRIPTION
Extent 1 online resource :
Other physical details illustrations.
336 ## - CONTENT TYPE
Content type term text
Content type code txt
Source rdacontent
337 ## - MEDIA TYPE
Media type term computer
Media type code c
Source rdamedia
338 ## - CARRIER TYPE
Carrier type term online resource
Carrier type code cr
Source rdacarrier
347 ## - DIGITAL FILE CHARACTERISTICS
File type text file
Source rdaft
347 ## - DIGITAL FILE CHARACTERISTICS
Encoding format EPUB
490 1# - SERIES STATEMENT
Series statement Otra vuelta de tuerca
505 0# - FORMATTED CONTENTS NOTE
Formatted contents note De acuerdo, Jeeves -- Júbilo matinal -- Adelante, Jeeves.
588 0# - SOURCE OF DESCRIPTION NOTE
Source of description note Online resource; title from ePub title page (Digitalia, viewed August 20, 2021)
655 #7 - INDEX TERM--GENRE/FORM
Genre/form data or focus term Fiction.
Source of term lcgft
655 #0 - INDEX TERM--GENRE/FORM
Genre/form data or focus term Electronic books.
700 1# - ADDED ENTRY--PERSONAL NAME
Personal name Bertel, Emilia,
Relator term translator.
700 1# - ADDED ENTRY--PERSONAL NAME
Personal name Bosch Barrett, Manuel,
Relator term translator.
700 1# - ADDED ENTRY--PERSONAL NAME
Personal name Jordá, Luis,
Dates associated with a name 1907-1968,
Relator term translator.
700 1# - ADDED ENTRY--PERSONAL NAME
Relationship information Translation of:
Personal name Wodehouse, P.G.
Fuller form of name (Pelham Grenville),
Dates associated with a name 1881-1975.
Title of a work Right ho, Jeeves.
700 1# - ADDED ENTRY--PERSONAL NAME
Relationship information Translation of:
Personal name Wodehouse, P.G.
Fuller form of name (Pelham Grenville),
Dates associated with a name 1881-1975.
Title of a work Joy in the morning.
700 1# - ADDED ENTRY--PERSONAL NAME
Relationship information Translation of:
Personal name Wodehouse, P.G.
Fuller form of name (Pelham Grenville),
Dates associated with a name 1881-1975.
Title of a work Carry on, Jeeves.
776 08 - ADDITIONAL PHYSICAL FORM ENTRY
Relationship information Print version:
Main entry heading Wodehouse, P.G. (Pelham Grenville), 1881-1975.
Uniform title Works. Spanish (Bertel, Bosch and Jordá).
Title Ómnibus Jeeves. Tomo II.
Place, publisher, and date of publication Barcelona : Editorial Anagrama, 2011
International Standard Book Number 9788433976031
791 2# -
-- Digitalia (Firm),
-- distributor.
793 0# -
-- Digitalia Hispánica eBook Collection:
-- Anagrama
830 #0 - SERIES ADDED ENTRY--UNIFORM TITLE
Uniform title Otra vuelta de tuerca ;
Volume/sequential designation 111.
856 40 - ELECTRONIC LOCATION AND ACCESS
Materials specified Digitalia Hispánica
Uniform Resource Identifier <a href="https://www.digitaliapublishing.com/a/33104/">https://www.digitaliapublishing.com/a/33104/</a>
910 ## - USER-OPTION DATA (OCLC)
User-option data Premium Collection: 2021
942 ## - ADDED ENTRY ELEMENTS (KOHA)
Koha item type Recurso Electrónico
Existencias
Withdrawn status Lost status Damaged status Not for loan Collection Home library Current library Date acquired Total checkouts Date last seen Price effective from Koha item type
        Digitalia Ebooks Hispanica Biblioteca Digital UIN Biblioteca Digital UIN 04/25/2025   04/25/2025 04/25/2025 Recurso Electrónico

CONTACTO


NOSOTROS


SITIOS DE INTERES

coordinacion.biblioteca.biblioteca@unienlinea.mx Misión, Visión y Objetivos Bases de datos
Directorio Bibliotecas Digitales y Repositorios
Normatividad Revistas y artículos
Convenios interbibliotecarios
Boletines



Hecho en México. Universidad Insurgentes (UIN). Todos los derechos reservados 2024. Esta página y sus contenidos pueden ser reproducidos con fines no lucrativos, siempre y cuando no se mutile, se cite la fuente completa y su dirección electrónicas. De otra forma requiere permiso previo por escrito de la institución




2024 Copyright Universidad Insurgentes | www.bibliouin.com.mx